| 000 | 00745cam a2200313ua 4500 | ||
|---|---|---|---|
| 020 | _c9.00 | ||
| 041 |
_aeng _h |
||
| 082 |
_a519.51 _bHOE/IN |
||
| 100 | _aHoel, Paul G . | ||
| 245 |
_aIntroduction to mathematical statistics / _cPaul G Hoel. _hTextual Documents |
||
| 250 |
_a2 / _b. |
||
| 260 |
_aMumbai : _bAsia Publishing House , _c1964. |
||
| 300 | _a331 ; . | ||
| 365 | _a9.00 | ||
| 504 | _a | ||
| 942 | _cBK | ||
| 999 |
_c9866 _d9866 |
||